000 00610nam a22002417a 4500
001 BR7101175
003 BR-BrBNA
005 20230928083735.0
007 ta
008 230509b bl.||||| |||| 00| 0 por d
040 _aBR-BrBNA
_bpor
_cBiblioteca Nacional de Agricultura
041 _a(Por)
072 _aE14
_b2120
090 _ 2120 BR7101175
100 1 _aPinto, C.A.A. de C.
245 1 _aPolitica cafeeira (2)
_bDiscurso
260 3 _aBrasilia, DF (Brasil):
_c1971.
300 _a14 p.
650 _aCAFE
650 _aPOLITICA ECONOMICA
909 _a202309
_bLucia
_c55
_dLucia Elande
942 _cBK
999 _c15020
_d15020